La intercesión del Espíritu en la oración cristiana (Registro nro. 69786)
[ vista simple ]
| 000 -LÍDER | |
|---|---|
| Campo fijo de descripción fija | 01226nab a2200241 i 4500 |
| 001 - NÚMERO DE CONTROL | |
| Campo de control | 768714001 |
| 003 - IDENTIFICADOR DEL NÚMERO DE CONTROL | |
| Campo de control | CO-MdFUSB |
| 005 - FECHA Y HORA DE LA ULTIMA TRANSACCIÓN | |
| control field | 20240520101753.0 |
| 008 - ELEMENTOS DE LONGITUD FIJA -- INFORMACIÓN GENERAL | |
| Campo fijo de descripción fija -- Información general | 240520t1972 sp ||||| |||| 00| 0 spa d |
| 040 ## - FUENTE DE CATALOGACIÓN | |
| Idioma de catalogación | spa |
| Agencia que realiza la transcripción | CO-MdFUSB |
| Agencia que realiza la modificación | CO-MdFUSB |
| 041 ## - CÓDIGO DE IDIOMA | |
| Código de idioma para texto/pista de sonido o título separado | spa |
| 100 ## - ASIENTO PRINCIPAL--NOMBRE PERSONAL | |
| Nombre personal | Goedt, Michel de, |
| Fechas asociadas con el nombre | 1924-2009 |
| Término relacionador | autor |
| 245 #3 - TÍTULO | |
| Título | La intercesión del Espíritu en la oración cristiana |
| Mención de responsabilidad | / Michel de Goedt ; traducido por Julio Alonso Asenjo |
| 520 ## - NOTA DE RESUMEN, ETC. | |
| Nota de sumario, etc. | Análisis del pasaje de Romanos versículo 8:18-30. <br/>Los versos de san Pablo parecen contradecir su llamado a la oración y su testimonio de oración personal, ya que afirman que no debemos limitarnos a orar a Dios sino experimentar la influencia liberadora del Espíritu. hablar. , incapacidad de orar por nosotros. |
| 630 07 - PUNTO DE ACCESO ADICIONAL DE MATERIA - TÍTULO UNIFORME | |
| Título uniforme | Biblia. |
| Parte o sección de la obra | Romanos |
| Subdivisión de materia general | Crítica, interpretación, etc. |
| 650 #7 - ASIENTO SECUNDARIO DE MATERIA - TERMINO TEMÁTICO | |
| Término temático o nombre geográfico como elemento de entrada | Oración |
| 9 (RLIN) | 86 |
| 650 #0 - ASIENTO SECUNDARIO DE MATERIA - TERMINO TEMÁTICO | |
| Término temático o nombre geográfico como elemento de entrada | Espíritu Santo |
| 9 (RLIN) | 50 |
| 650 #0 - ASIENTO SECUNDARIO DE MATERIA - TERMINO TEMÁTICO | |
| Término temático o nombre geográfico como elemento de entrada | Vida espiritual |
| 9 (RLIN) | 51 |
| 700 ## - ENTR. SECUNDARIA - Nombre Personal (R) | |
| Nombre de persona | Alonso Asenjo, Julio, |
| Término indicativo de función | traductor |
| 773 0# - ASIENTO DE ITEM FUENTE | |
| Biblionumber | 49450 |
| Itemnumber | 82647 |
| Otro identificador del ítem | R2569 |
| Título | Revista internacional de teología Concilium |
| Número de control del registro | (CO-MdFUSB)8 |
| Número Internacional Normalizado para Publicaciones Seriadas (ISSN) | 0210-1041 |
| Parte(s) relacionada(s) / Volumen., número. (mes año), páginas | Número 79, (noviembre, 1972), páginas: 330 - 342 |
| Enumeración y primera página | página: 330 |
| 942 ## - TIPO DE MATERIAL (KOHA) | |
| Tipo de Item KOHA | Artículos de Revista |
| 945 ## - INFORMACIÓN LOCAL DEL REGISTRO | |
| Catalogador | Catherine Arias Alvarez - Practicante SENA |
No hay ítems disponibles.
